000
00379nam a2200145Ia 4500
008
231129s1992||||xx |||||||||||||| ||spa||
020
_a
968-24-4511-6
040
_b
spa
082
_a
340.1 M357s
100
_a
García Márquez Gabriel
245
0
_a
Sociología jurídica
260
_c
1992
264
_a
Trillas
942
_2
ddc
_c
BKS
999
_c
24775
_d
24775